Tolkien Region Spotlight - Gondolin - Statistics

General Stats
  • This quiz has been taken 106 times
  • The average score is 13 of 20
Answer Stats
Answer % Correct
Turgon
95%
Seven
88%
Tuor Eladar
88%
Eol
86%
Idril Celebrindal
86%
Maeglin
83%
Ulmo
83%
Glorfindel
80%
Eagles
79%
Ecthelion
77%
Glamdring
70%
Tirion upon Tuna
59%
Vinyamar
56%
Tumladen
55%
House of the King | House of the Wing | House of the Mole | House of the Harp | House of the Golden Flower | House of the Fountain | House of the Pillar | House of the Tower of Snow | House of the Heavenly Arch | House of the Swallow | House of the Tree | House of the Hammer of Wrath
52%
Hidden {Rock}
42%
Havens of Sirion
38%
Pengolodh
29%
Amon Gwareth
27%
Echoriad
24%
No matching quizzes found
Score Distribution
Percent of People with Each Score
Percentile by Number Answered
Your Score History
You have not taken this quiz